アフリカの都市の人口別リスト - Statistics

General Stats
  • This quiz has been taken 124 times
  • The average score is 27 of 100
Answer Stats
ランク 都市 人口 % Correct
3 カイロ エジプト 10,100,166
99%
1 キンシャサ コンゴ民主共和国 16,315,534
86%
13 ケープタウン 南アフリカ 4,800,954
80%
12 ナイロビ ケニア 5,118,844
78%
33 プレトリア 南アフリカ 2,739,768
76%
2 ラゴス ナイジェリア 15,300,000
74%
11 アディスアベバ エチオピア 5,227,794
73%
8 ヨハネスブルグ 南アフリカ 6,065,354
71%
7 ハルツーム スーダン 6,344,348
68%
10 アレクサンドリア エジプト 5,483,605
68%
5 ルアンダ アンゴラ 8,952,496
63%
6 ダルエスサラーム タンザニア 7,404,689
61%
21 アンタナナリボ マダガスカル 3,699,900
59%
22 アブジャ ナイジェリア 3,652,029
59%
38 チュニス チュニジア 2,435,961
58%
29 アルジェ アルジェリア 2,853,959
57%
40 ラバト モロッコ 1,931,930
57%
19 カサブランカ モロッコ 3,840,396
56%
48 ンジャメナ チャド 1,532,588
54%
35 アクラ ガーナ 2,605,402
52%
65 トリポリ リビア 1,175,830
52%
14 ヤウンデ カメルーン 4,336,670
51%
25 ダカール セネガル 3,326,001
47%
36 ブラザビル コンゴ共和国 2,552,813
47%
9 アビジャン コートジボワール 5,515,790
43%
37 モガディシュ ソマリア 2,497,463
43%
56 フリータウン シエラレオネ 1,272,145
42%
4 ギザ エジプト 9,250,791
41%
49 ヌアクショット モーリタニア 1,431,539
41%
51 ニアメ ニジェール 1,383,909
41%
61 キガリ ルワンダ 1,208,296
40%
44 モンロビア リベリア 1,622,582
39%
69 マプト モザンビーク 1,138,960
39%
41 ロメ トーゴ 1,925,517
38%
46 ハラレ ジンバブエ 1,557,740
37%
68 ブジュンブラ ブルンジ 1,139,265
36%
27 ワガドゥグー ブルキナファソ 3,055,788
34%
60 リロングウェ マラウイ 1,222,325
34%
23 カンパラ ウガンダ 3,651,919
33%
28 ルサカ ザンビア 3,041,789
33%
30 バマコ マリ 2,816,943
33%
39 コナクリ ギニア 2,048,525
31%
85 バンギ 中央アフリカ共和国 933,176
31%
15 カノ ナイジェリア 4,219,209
29%
74 アスマラ エリトリア 1,034,872
29%
17 ダーバン 南アフリカ 4,034,678
28%
75 マラケシュ モロッコ 1,033,050
27%
54 ポートエリザベス 南アフリカ 1,280,550
24%
18 ドゥアラ カメルーン 3,926,645
23%
50 モンバサ ケニア 1,388,979
23%
52 キサンガニ コンゴ民主共和国 1,366,342
22%
24 クマシ ガーナ 3,630,326
16%
34 ルブンバシ コンゴ民主共和国 2,695,331
16%
20 イバダン ナイジェリア 3,756,445
14%
26 ポートハーコート ナイジェリア 3,324,694
14%
70 ハルゲイサ ソマリランド 1,079,377
13%
100 ザンジバル タンザニア 766,392
13%
31 オムドゥルマン スーダン 2,805,396
12%
55 タンジェ モロッコ 1,277,242
11%
92 リーブルヴィル ガボン 856,854
11%
93 ベンガジ リビア 847,790
11%
98 ベンゲラ アンゴラ 776,832
11%
32 ムブジマイ コンゴ民主共和国 2,765,002
10%
42 ベニンシティ ナイジェリア 1,841,084
10%
57 フェズ モロッコ 1,267,317
10%
87 オラン アルジェリア 922,302
9%
86 ナンプラ モザンビーク 927,472
7%
90 カビンダ アンゴラ 861,878
7%
45 カナンガ コンゴ民主共和国 1,592,924
6%
47 オニチャ ナイジェリア 1,552,630
6%
53 ポアントノワール コンゴ共和国 1,294,612
6%
59 ムワンザ タンザニア 1,245,444
6%
66 カドゥナ ナイジェリア 1,158,048
6%
71 ボボ・ディウラッソ ブルキナファソ 1,074,309
6%
80 アガディール モロッコ 960,438
6%
94 マイドゥグリ ナイジェリア 822,337
6%
67 アバ ナイジェリア 1,150,116
4%
78 イロリン ナイジェリア 1,000,477
4%
95 エヌグ ナイジェリア 819,791
4%
43 マトラ モザンビーク 1,796,872
3%
79 ブランタイヤ マラウイ 994,911
3%
89 ルバンゴ アンゴラ 914,456
3%
72 ショブラ・エル・ケイマ エジプト 1,072,951
2%
84 ジョス ナイジェリア 942,167
2%
58 ウヨ ナイジェリア 1,264,636
1%
76 ツィカパ コンゴ民主共和国 1,023,575
1%
77 ニャラ スーダン 1,012,312
1%
81 ミスラタ リビア 953,472
1%
82 オウェリ ナイジェリア 945,046
1%
83 ワリ ナイジェリア 942,683
1%
91 ウムアヒア ナイジェリア 860,555
1%
16 エクルレニ 南アフリカ 4,045,000
0%
62 ブカブ コンゴ民主共和国 1,190,367
0%
63 アボメ=カラヴィ ベナン 1,188,736
0%
64 ネウィ ナイジェリア 1,176,550
0%
73 イコロドゥ ナイジェリア 1,041,166
0%
88 ウェストランド 南アフリカ 921,524
0%
96 ロコジャ ナイジェリア 790,742
0%
97 フェレーニヒング 南アフリカ 786,127
0%
99 ブニア コンゴ民主共和国 767,645
0%
No matching quizzes found
Score Distribution
Percent of People with Each Score
Percentile by Number Answered
Your Score History
You have not taken this quiz